[Event "Imperia Corallo op-A 2nd"]
[Site "Imperia"]
[Date "2007.11.17"]
[Round "2"]
[White "Tortorella, Giancarlo"]
[Black "Lanzillotta, Daniele"]
[Result "1/2-1/2"]
[WhiteElo "1896"]
[BlackElo "1736"]
[PlyCount "70"]
[EventDate "2007.11.16"]
[EventType "swiss"]
[EventRounds "5"]
[EventCountry "ITA"]
[SourceTitle "EXT 2010"]
[Source "ChessBase"]
[SourceDate "2010.11.25"]
[SourceVersion "1"]
[SourceVersionDate "2010.11.25"]
[SourceQuality "1"]

1. e4 c5 2. Nf3 Nc6 3. d4 cxd4 4. c3 d3 5. c4 g6 6. Bxd3 Bg7 7. 0-0 d6 8. h3 Nf6 9. Nc3 0-0 10. Be3 Nd7 11. Rb1 Nde5 12. Nxe5 Nxe5 13. f4 Nxd3 14. Qxd3 Bd7 15. c5 dxc5 16. Bxc5 Bc6 17. Qe2 Qc7 18. Rbc1 Rfe8 19. Be3 Qa5 20. a3 Bxc3 21. Rxc3 Bb5 22. Qf2 Bxf1 23. Qxf1 Rac8 24. Rb3 Qa4 25. Rb4 Qc6 26. Bxa7 Red8 27. Be3 Qa6 28. Qb5 Qxb5 29. Rxb5 Rd1+ 30. Kh2 Rd3 31. Bc5 Rc7 32. a4 Rd2 33. a5 Rcd7 34. Bb4 f6 35. Bxd2 Rxd2 1/2-1/2